000 00211nam a22000737a 4500
999 _c24636
_d24636
003 Nust
005 20170519132622.0
008 140617b xxu||||| |||| 00| 0 eng d
020 _cAvailable
_a9780495095842
040 _aDLC
_bDLC
_cRCMS
050 _a586.4 HAM
082 _28th, ed.
_a586.4 HAM
100 _aCheryl Hemilton
_91235
245 _aCommunicating for Results Guide for Business
250 _a8th, ed.
260 _aUSA
_bThomson Wadsworth,
_cc2008.
300 _ax, 463 p. :
_bill, ;
_c28 cm.
440 _aGuide for Business and the Professions
_91236
538 _iShelf # 12, Row # 1, System Engineering.
650 _aCommunication for Results
_91237
856 _3Table of Contents Only.
942 _2ddc
_cBK
_k586.4 HAM